| 000 | 00607nam a2200181 a 4500 | ||
|---|---|---|---|
| 008 | 120416s1991 ||||||||||||||||| || u | ||
| 020 | _a0115802576 | ||
| 050 | _aHD 75.6 Win | ||
| 100 | _aWinpenny, J.T | ||
| 245 | 1 | 0 | _aValues for the environment |
| 246 | _aa guide to economic appraisal | ||
| 260 |
_aLondon _bHMSO _c1991 |
||
| 300 | _ax,277p. : ill. | ||
| 350 | _a0.00 | ||
| 650 | 0 | _aMANAGEMENT | |
| 650 | 7 |
_aENVIRONMENTAL MANAGEMENT _2unbist |
|
| 995 |
_D0.00 _FCBU-MAIN LIBRARY (Kitwe) _H1 _I14.95 _M1 _UAVAILABLE _ZAnnex Low-Usage Collection |
||
| 999 |
_c61231 _d61231 |
||